000
00345nam a2200145Ia 4500
008
221030s9999 xx 000 0 und d
041
_a
English
082
_a
105.23
100
_a
Ibm
245
4
_a
The Great Mind Challenge for Business
_c
by Ibm
260
_b
IBM India Ltd.
_a
Bangalore
_c
0
300
_a
237
650
_a
General
942
_c
BK
999
_c
11016
_d
11016